| 000 | 00378 a2200133 4500 | ||
|---|---|---|---|
| 001 | 91343 | ||
| 082 | _aPR 1251 | ||
| 090 |
_c43463 _d43462 |
||
| 100 | _aMalek Smadi; | ||
| 245 |
_aTo Design a Thrust Measuring mechanism on J69-T25 Test Bed Using system 5000 & load cells _n46 'A' EC |
||
| 260 |
_aKarachi _bNED University _c1997 |
||
| 300 | _a53p | ||
| 500 | _aBE Project Reports | ||
| 942 |
_aCAE NUST _kPR 1251 |
||
| 999 |
_c326416 _d326416 |
||